| 000 | 00588nam a2200205 i 4500 | ||
|---|---|---|---|
| 001 | 88072 | ||
| 003 | ES-MaACL | ||
| 005 | 20231218203530.0 | ||
| 007 | t| | ||
| 008 | 050103s1952 sp ||||1| spa d | ||
| 100 | 1 |
_aLaforet, Carmen, _d1921-2004 _969515 |
|
| 245 | 1 | 3 |
_aEl piano / _cCarmen Laforet. |
| 250 | _a1ª ed. | ||
| 260 |
_aMadrid : _bRollán, _c[1952] |
||
| 300 |
_a78 p. ; _c17 cm. |
||
| 490 | 1 |
_aNovelistas de hoy. Obras inéditas ; _v5 |
|
| 830 | 0 |
_aNovelistas de hoy. Obras inéditas ; _v5 _9231816 |
|
| 852 |
_aES-MaACL _jD-8317 _bR.32732 |
||
| 999 |
_c88072 _d88072 |
||